History of England: during the regin to Victoria (1837-1901) (Record no. 432933)

000 -LEADER
fixed length control field 00450cam a22001457a 4500
008 - FIXED-LENGTH DATA ELEMENTS--GENERAL INFORMATION
fixed length control field 180718b1911 xxu||||| |||| 00| 0 eng d
082 ## - DEWEY DECIMAL CLASSIFICATION NUMBER
Classification number A6x42 P759
100 ## - MAIN ENTRY--PERSONAL NAME
Personal name Low, Sidney
245 ## - TITLE STATEMENT
Title History of England: during the regin to Victoria (1837-1901)
Statement of responsibility, etc. by Sidney Low and Lloyd C. Sanders
260 ## - PUBLICATION, DISTRIBUTION, ETC.
Place of publication, distribution, etc. London
Name of publisher, distributor, etc. Longmans
Date of publication, distribution, etc. 1911
300 ## - PHYSICAL DESCRIPTION
Extent 12v.
500 ## - GENERAL NOTE
General note Contents; v.12., 532p.
650 ## - SUBJECT ADDED ENTRY--TOPICAL TERM
Topical term or geographic name entry element Great Britain --History
700 ## - ADDED ENTRY--PERSONAL NAME
Personal name Sanders, Lloyd C.
Holdings
Withdrawn status Lost status Damaged status Not for loan Permanent Location Current Location Date acquired Full call number Barcode Date last seen Price effective from Koha item type
        Indian Institute of Public Administration Indian Institute of Public Administration 2010-02-04 A6x42 P759 A532 2018-07-21 2018-07-21 A

Powered by Koha